[Event "zt 2.3"]
[Site "Santo Domingo DOM"]
[Date "2007.05.31"]
[Round "4"]
[White "Iturrizaga,E"]
[Black "Gonzalez,Be CRC"]
[Result "1-0"]
[WhiteElo "2398"]
[BlackElo "2434"]

1.d4 d5 2.c4 c6 3.Nf3 Nf6 4.Qc2 g6 5.e3 Bf5 6.Qb3 Qb6 7.Nc3 Na6 8.cxd5 Qxb3
9.axb3 Nb4 10.Ra5 Nbxd5 11.Bc4 e6 12.Bd2 Ne4 13.Nxe4 Bxe4 14.Ng5 Bc2 15.Ke2 h6
16.Nf3 g5 17.Ne5 Bd6 18.f3 f6 19.Nd3 Nc7 20.b4 a6 21.Nc5 Bxc5 22.bxc5 Bg6
23.Ra3 O-O-O 24.Ba5 Rde8 25.e4 f5 26.Re3 Rhf8 27.exf5 exf5 28.Re1 Bf7 29.Bxf7 Rxe3+
30.Kxe3 Rxf7 31.Bxc7 Kxc7 32.Kd3 Kd7 33.Re5 Rf6 34.b4 Rf7 35.Kc4 f4 36.d5 cxd5+
37.Rxd5+ Kc7 38.Rd6 Re7 39.Rxh6 Re2 40.Rh7+ Kc6 41.Rh6+ Kc7 42.g3 Rf2 43.Rg6 fxg3
44.hxg3 Rxf3 45.Rxg5 Rf1 46.Rg7+ Kc6 47.Rg6+ Kc7 48.Kd5 Rd1+ 49.Ke4 Rc1 50.Kd4 Rb1
51.Kc3 Rc1+ 52.Kb2 Rg1 53.g4 Rg3 54.g5 Kc8 55.Rg7 Kb8 56.g6 Ka8 57.Rg8+ Ka7
58.Kc2 Rg5 59.Rg7 Kb8 60.Kb3 a5 61.bxa5 Rxc5 62.a6 Rg5 63.Rxb7+ Ka8 64.Rb6  1-0

[Event "XV Lasker Mem Open A"]
[Site "Barlinek POL"]
[Date "2007.06.06"]
[Round "5"]
[White "Kowalska,S"]
[Black "Vas,P SWE"]
[Result "0-1"]
[WhiteElo "1878"]
[BlackElo "2138"]

1.d4 d5 2.c4 c6 3.Nf3 Nf6 4.Qc2 e6 5.g3 Nbd7 6.Bg2 Bd6 7.O-O O-O 8.b3 Qe7
9.Bb2 e5 10.dxe5 Nxe5 11.Nbd2 Re8 12.cxd5 cxd5 13.Nd4 Qd7 14.Rac1 b6 15.Nc4 Nxc4
16.bxc4 Bb7 17.Nf5 Be5 18.Bxe5 Rxe5 19.Nd4 Rc8 20.Qb3 dxc4 21.Rxc4 Rxc4 22.Qxc4 Rc5
23.Qd3 Bxg2 24.Kxg2 Qd5+ 25.Kg1 g6 26.a3 Ne4 27.f3 Nd6 28.e4 Qc4 29.Rd1 Qxd3
30.Rxd3 Kf8 31.e5 Nc4 32.f4 Rd5 33.e6 Nd6 34.exf7 Kxf7 35.Nc6 Rxd3 36.Ne5+ Ke6
37.Nxd3 Kd5 38.Kf2 Kc4 39.Nb4 Kb3 40.Nc6 a5 41.Nd4+ Kxa3  0-1

[Event "Baden Challenge III"]
[Site "Neuhausen GER"]
[Date "2007.06.06"]
[Round "3"]
[White "Georgiev,Vl"]
[Black "Ris,R"]
[Result "1-0"]
[WhiteElo "2540"]
[BlackElo "2411"]

1.d4 d5 2.c4 c6 3.Nf3 Nf6 4.Qb3 dxc4 5.Qxc4 Bf5 6.g3 Nbd7 7.Bg2 e6 8.Nc3 Be7
9.O-O O-O 10.Re1 Bg6 11.e4 h6 12.Qb3 Qb6 13.Qxb6 axb6 14.d5 Bb4 15.dxe6 fxe6
16.Nh4 Bh7 17.Bh3 Nc5 18.f3 Kf7 19.Be3 Nd3 20.Reb1 g5 21.Ng2 Ne5 22.Rf1 Nc4
23.a3 Nxe3 24.Nxe3 Bc5 25.Kf2 Ke7 26.Ke2 b5 27.Rac1 Bb6 28.Ncd1 Nd7 29.Nf2 Nc5
30.Nc2 Rad8 31.Rcd1 h5 32.Rxd8 Rxd8 33.Bg2 e5 34.Rd1 Rxd1 35.Nxd1 Bg8 36.Nce3 Kf6
37.Bh3 Ne6 38.Bxe6 Bxe6 39.g4 h4 40.h3 Bc4+ 41.Ke1 Ke6 42.Nf5 Bd4 43.Ng7+ Kf7
44.Nf5 Ke6 45.Ng7+ Kf6 46.Nf5 Bb3 47.Nc3 Bc5 48.Kd2 b4 49.axb4 Bxb4 50.Ne3 b5
51.Kd3 Ke6 52.Nb1 Kd7 53.Nd2 Bf7 54.Nf5 c5 55.Ne3 Kc6 56.Nc2 c4+ 57.Ke2 Bc5
58.f4 gxf4 59.Nf3 Kd6 60.Nxh4 b4 61.Nf5+ Kd7 62.Ne1 b3 63.Nf3 Ke6 64.Kd1 Bb4
65.h4 c3 66.bxc3 Bxc3 67.Ng5+  1-0

[Event "ch-Skopje"]
[Site "Skopje MKD"]
[Date "2007.06.07"]
[Round "9"]
[White "Larrachea,E"]
[Black "Vukelic,Z"]
[Result "1/2-1/2"]
[WhiteElo "2300"]
[BlackElo "2018"]

1.d4 d5 2.Nf3 Nf6 3.c4 c6 4.g3 Bf5 5.Bg2 e6 6.cxd5 exd5 7.O-O Nbd7 8.Nc3 Be7
9.Bf4 O-O 10.Qb3 Qb6 11.Qxb6 Nxb6 12.Ne5 Nbd7 13.Rac1 Rfe8 14.a3 Nxe5 15.Bxe5 Nd7
16.Bf4 h6 17.f3 Bf6 18.Rfd1 Nb6 19.g4 Bd7 20.b3 Be7 21.a4 Bb4 22.Na2 Ba3
23.Rc2 a5 24.Nc1 Be6 25.Nd3 Nd7 26.Ra1 Bf8 27.Bd2 f5 28.h3 fxg4 29.hxg4 Bf7
30.Re1 Bg6 31.e4 dxe4 32.fxe4 Nf6 33.Ne5 Bh7 34.Bf1 Bd6 35.Bc4+  1/2-1/2

[Event "National Open"]
[Site "Las Vegas USA"]
[Date "2007.06.08"]
[Round "2"]
[White "Enhbat,T"]
[Black "Gagunashvili,M"]
[Result "0-1"]
[WhiteElo "2379"]
[BlackElo "2625"]

1.d4 d5 2.Nf3 Nf6 3.c4 c6 4.Qb3 dxc4 5.Qxc4 Bg4 6.Nc3 Nbd7 7.e4 Bxf3 8.gxf3 e5
9.Be3 Bd6 10.O-O-O Qc7 11.Kb1 exd4 12.Bxd4 O-O 13.Bh3 Be5 14.Rhg1 Rfd8 15.Ne2 Bxd4
16.Nxd4 Ne5 17.Qb3 Ng6 18.Bf5 Nf4 19.Qe3 Qe5 20.Ne2 Nxe2 21.Qxe2 g6 22.Bg4 h5
23.Bf5 Rxd1+ 24.Qxd1 Kh7 25.Qb3 Rf8 26.Bc8 b5 27.Bb7 Qxh2 28.Rc1 Nd7 29.Bxc6 Ne5
30.Bd5 Qxf2 31.Qa3 b4 32.Qa6 Qxf3 33.Qxa7 Nd3 34.Rg1 Qf6 35.Kc2 Nxb2 36.Qc5 Re8
37.Rg2 Na4 38.Qxb4 Rc8+ 39.Kb3 Nc5+ 40.Ka3 Qa6+  0-1

[Event "National Open"]
[Site "Las Vegas USA"]
[Date "2007.06.10"]
[Round "6"]
[White "Enhbat,T"]
[Black "Nonchev,K"]
[Result "1-0"]
[WhiteElo "2379"]
[BlackElo "2175"]

1.d4 d5 2.Nf3 c6 3.c4 Nf6 4.Qc2 g6 5.Bf4 Bg7 6.e3 O-O 7.Nc3 dxc4 8.Bxc4 Nbd7
9.O-O Nb6 10.Bb3 Nbd5 11.Be5 Nb4 12.Qe2 b6 13.a3 Nbd5 14.Nxd5 cxd5 15.h3 Bb7
16.Rfc1 Rc8 17.Ba4 Nd7 18.Bxg7 Kxg7 19.Qe1 Nb8 20.Rxc8 Qxc8 21.Rc1 Qd8 22.Rc3 Na6
23.Qc1 f6 24.b4 Nb8 25.Rc7 Ba6 26.b5 Bc8 27.Rxa7 Be6 28.Qc7 Qxc7 29.Rxc7 Kf7
30.Bb3 Rd8 31.Ne1 Rd7 32.Rxd7 Nxd7 33.Nd3 f5 34.h4 Nf6 35.Ne5+ Ke8 36.f3 Bd7
37.a4 e6 38.Bc2 Ke7 39.g4 Be8 40.g5 Ng8 41.Kf2 Kd6 42.Ke2 Ne7 43.Kd2 Nc8
44.e4 Ke7 45.Ke3 Kd6 46.exd5 exd5 47.h5 Ke6 48.h6 Nd6 49.Kf4 Bf7 50.Bb3 Bg8
51.Ba2 Ne8 52.Nc4 Nc7 53.Nxb6 Kd6 54.Ke3 f4+ 55.Kxf4 Ne6+ 56.Ke3 Nxg5 57.a5  1-0

[Event "11th Master Open"]
[Site "Voronezh RUS"]
[Date "2007.06.15"]
[Round "4"]
[White "Khismatullin,D"]
[Black "Chuprikov,D"]
[Result "1/2-1/2"]
[WhiteElo "2570"]
[BlackElo "2394"]

1.d4 d5 2.c4 c6 3.Nf3 dxc4 4.a4 Nf6 5.Nc3 Bg4 6.Ne5 Bh5 7.f3 e6 8.g4 Bg6
9.h4 c5 10.h5 Bd3 11.exd3 cxd4 12.dxc4 Qd6 13.Qe2 dxc3 14.Bg2 Nfd7 15.Nd3 Nc5
16.Nxc5 Qxc5 17.f4 Nc6 18.bxc3 Qa5 19.Rb1 O-O-O 20.Qf3 Qxa4 21.O-O Qxc4 22.Be3 Bc5
23.Kh1 Bxe3 24.Qxe3 Rd3 25.Qf2 Rhd8 26.Qb2 R8d7 27.Qa3 Qxc3 28.Qf8+ Kc7 29.Qa8 Kd6
30.Qf8+ Kc7 31.Qa8  1/2-1/2

[Event "11th Master Open"]
[Site "Voronezh RUS"]
[Date "2007.06.18"]
[Round "6"]
[White "Gasanov,E"]
[Black "Gleizerov,E"]
[Result "1/2-1/2"]
[WhiteElo "2486"]
[BlackElo "2570"]

1.Nf3 d5 2.d4 c6 3.c4 dxc4 4.e3 Be6 5.Nbd2 Qa5 6.Qc2 Nf6 7.Bxc4 Bxc4 8.Qxc4 e6
9.O-O Be7 10.Rb1 Nbd7 11.b4 Qa4 12.Ne1 Nb6 13.Qb3 Qxb3 14.Rxb3 Nfd7 15.Nd3 a5
16.Ba3 axb4 17.Bxb4 Rxa2 18.Ne4 Bxb4 19.Rxb4 Ke7 20.Nec5 Rb8 21.Rfb1 Nxc5
22.Nxc5 Nd7 23.Nxb7 c5 24.dxc5 Nxc5 25.Na5 Rc8 26.Nc4 Rc7  1/2-1/2

[Event "11th Master Open"]
[Site "Voronezh RUS"]
[Date "2007.06.19"]
[Round "7"]
[White "Slugin,S"]
[Black "Grigorian,V"]
[Result "1/2-1/2"]
[WhiteElo "2383"]
[BlackElo "2255"]

1.d4 d5 2.c4 c6 3.Nf3 Nf6 4.Qc2 g6 5.Bf4 Bg7 6.e3 Bf5 7.Qb3 Qb6 8.Nc3 O-O
9.h3 Nbd7 10.Be2 h6 11.O-O g5 12.Bh2 e6 13.Qa3 Ne4 14.c5 Qd8 15.b4 b5 16.Nxe4 dxe4
17.Ne5 Nxe5 18.Bxe5 Bxe5 19.dxe5 Qd2 20.Rfe1 a5 21.bxa5 Rxa5 22.Qb3 Rfa8
23.Rad1 Qxa2 24.Qc3 Ra3 25.Qc1 Qb3 26.Rd7 Bg6 27.Rc7 Qd5 28.Qb2 R3a6 29.Qc3 Qd8
30.Rb7 Qa5 31.Qxa5 Rxa5 32.Rb6 Rc8 33.Rd1 Ra2 34.Kf1 Rc2 35.f4 exf3 36.Bxf3 Rxc5
37.Rd6 Rxe5 38.Bxc6 Rxe3 39.Bxb5 Rc2 40.Bc6 Bd3+ 41.Kg1 Re1+ 42.Kh2 Be4 43.Bxe4 Rxe4
44.Rd3 Ree2 45.Rg3 Kg7 46.h4 Kg6 47.Rb8 Rc5 48.Kh3 Re4 49.hxg5 hxg5 50.Ra3 Rce5
51.Ra7 Rh4+ 52.Kg3 Rh7 53.Rg8+ Rg7 54.Rf8 Re3+ 55.Kf2 Rc3 56.Rb7 g4 57.Rb4 g3+
58.Ke2 Rc2+ 59.Kf3 Kf6 60.Rf4+ Ke7  1/2-1/2

[Event "11th Master Open"]
[Site "Voronezh RUS"]
[Date "2007.06.21"]
[Round "9"]
[White "Volk,S"]
[Black "Rudnev,Y"]
[Result "1-0"]
[WhiteElo "2113"]
[BlackElo "2172"]

1.Nf3 d5 2.d4 Nf6 3.c4 c6 4.Nbd2 Nbd7 5.g3 e6 6.Bg2 Bd6 7.O-O O-O 8.Re1 Re8
9.e4 dxe4 10.Nxe4 Nxe4 11.Rxe4 h6 12.b3 Nf6 13.Re2 c5 14.Bb2 cxd4 15.Bxd4 Be7
16.Ne5 Qc7 17.Rd2 Rd8 18.Qe2 Bd7 19.Rad1 Be8 20.Ng4 Nxg4 21.Qxg4 e5 22.Bb2 Rxd2
23.Rxd2 Bf6 24.Qf5 Bc6 25.Bxc6 bxc6 26.Re2 Re8 27.f4 Rd8 28.Bxe5 Rd1+ 29.Kg2  1-0

[Event "King's Gambit A"]
[Site "Lipetsk RUS"]
[Date "2007.06.22"]
[Round "1"]
[White "Zontakh,A"]
[Black "Airapetian,G"]
[Result "1-0"]
[WhiteElo "2549"]
[BlackElo "2336"]

1.d4 d5 2.c4 c6 3.Nf3 Nf6 4.Qb3 dxc4 5.Qxc4 Bf5 6.g3 e6 7.Bg2 Be7 8.Nc3 O-O
9.Nh4 Nbd7 10.e4 Bg4 11.h3 Bh5 12.g4 Bg6 13.Nxg6 hxg6 14.Be3 c5 15.d5 Nb6
16.Qe2 exd5 17.exd5 Bd6 18.O-O Re8 19.Rad1 a6 20.Rfe1 Nbd7 21.a4 Qc7 22.g5 Nh5
23.Ne4 Re7 24.Nxd6 Qxd6 25.Bxc5 Rxe2 26.Bxd6 Rxb2 27.Re7 Nb6 28.a5 Nc4 29.Bc7 Rb5
30.d6 Nxd6 31.Rxd6 Rxg5 32.Kh2 Nf4 33.Bxb7  1-0

[Event "King's Gambit A"]
[Site "Lipetsk RUS"]
[Date "2007.06.25"]
[Round "5"]
[White "Gladyszev,O"]
[Black "Kupreichik,V"]
[Result "1-0"]
[WhiteElo "2485"]
[BlackElo "2402"]

1.d4 d5 2.c4 c6 3.Nf3 dxc4 4.Nc3 Nf6 5.a4 Bf5 6.Ne5 Nbd7 7.Nxc4 Nb6 8.Ne5 a5
9.Bg5 h6 10.Bh4 Nbd5 11.Qb3 Ra6 12.Nxd5 Nxd5 13.e4 Rb6 14.Qf3 Nf6 15.exf5 Qxd4
16.Bg3 Qxb2 17.Qa3 Qxa3 18.Rxa3 Rb1+ 19.Kd2 e6 20.Ra2 exf5 21.Kc2 Rb4 22.Bc4 Nd5
23.Re1 Be7 24.Bxd5 cxd5 25.Nd3 Rc4+ 26.Kb3 Kd8 27.Rc2 Rxc2 28.Kxc2 f6 29.Nf4 Bb4
30.Rd1 Re8 31.Nxd5 Re2+ 32.Kb3 Ke8 33.Nxb4 axb4 34.Rd5 f4 35.Bxf4 Rxf2 36.Bg3 Rxg2
37.Rb5 g5 38.Rxb7 f5 39.a5 Rg1 40.a6  1-0

[Event "White Nights"]
[Site "St Petersburg RUS"]
[Date "2007.06.26"]
[Round "2"]
[White "Eidelson,R"]
[Black "Karalkin,M"]
[Result "1/2-1/2"]
[WhiteElo "2165"]
[BlackElo "2388"]

1.d4 d5 2.c4 c6 3.Nf3 Nf6 4.Qc2 a6 5.g3 b5 6.b3 g6 7.Nbd2 Bf5 8.Qd1 Qa5 9.Bg2 Nbd7
10.O-O Bg7 11.Nh4 O-O 12.Nxf5 gxf5 13.Qc2 e6 14.Bb2 Rac8 15.Bc3 b4 16.Bb2 c5
17.dxc5 Qxc5 18.Qd3 Nb6 19.Bd4 Qa5 20.cxd5 Nbxd5 21.Nc4 Qb5 22.Qd2 Rfd8 23.Qg5 h6
24.Qh4 Ng4 25.Bxg7 Kxg7 26.e4 Ndf6 27.exf5 Qxf5 28.h3 Ne5 29.Nxe5 Qxe5 30.Qxb4 Rc2
31.Rae1 Qf5 32.g4 Qg5 33.Rxe6 Rxa2 34.Re7 Nd5 35.Bxd5 Rxd5 36.Qb7 Rf5 37.Qe4 Rf4
38.Qe3 Qf6 39.Kg2 Rfxf2+ 40.Rxf2 Rxf2+ 41.Qxf2 Qxe7 42.Qd4+ f6  1/2-1/2

[Event "King's Gambit A"]
[Site "Lipetsk RUS"]
[Date "2007.06.28"]
[Round "8"]
[White "Zubarev,Al1"]
[Black "Kupreichik,V"]
[Result "1-0"]
[WhiteElo "2511"]
[BlackElo "2402"]

1.d4 d5 2.c4 dxc4 3.Nf3 c6 4.e3 Be6 5.a4 Nf6 6.Na3 Bd5 7.Nxc4 e6 8.Bd3 c5
9.Nce5 cxd4 10.O-O Nc6 11.Nxc6 bxc6 12.Nxd4 c5 13.Bb5+ Ke7 14.b3 Rc8 15.Ba3 Bb7
16.Rc1 Qd5 17.f3 Kd8 18.Bc4 Qd7 19.Nb5 a6 20.Qe2 axb5 21.Bxb5 Bc6 22.Rfd1 Bxb5
23.Rxd7+ Bxd7 24.e4 Be7 25.Qe3 Re8 26.a5 Bc6 27.Bxc5 Bxc5 28.Qxc5 Nd7 29.Qd6 Ba8
30.Rd1 Re7 31.b4 Ke8 32.Qa6 Rd8 33.b5 e5 34.b6 Bc6 35.Qa7 f6 36.Rd6  1-0

[Event "ch-BEL Expert"]
[Site "Namur BEL"]
[Date "2007.07.01"]
[Round "2"]
[White "Duric,S"]
[Black "Claesen,P"]
[Result "0-1"]
[WhiteElo "2214"]
[BlackElo "2393"]

1.d4 Nf6 2.Nf3 d5 3.c4 c6 4.Nbd2 Bf5 5.e3 e6 6.Be2 h6 7.O-O Nbd7 8.b3 Be7
9.Bb2 O-O 10.a3 a5 11.Re1 Bh7 12.Bf1 Re8 13.Ne5 Nxe5 14.dxe5 Ne4 15.Nxe4 Bxe4
16.Bd3 Bxd3 17.Qxd3 dxc4 18.Qxc4 Qb6 19.a4 Rad8 20.Rac1 Rd5 21.Bd4 Qb4 22.Kf1 Red8
23.Bc3 Qb6 24.Bd4 Qc7 25.Rc2 Bb4 26.Rec1 Qe7 27.g3 c5 28.Bb2 Qg5 29.h4 Qg6
30.e4 Rd3 31.Kg2 Qg4 32.Rf1 Qf3+ 33.Kg1 Rxb3 34.Bc1 Rb1 35.Qa2 Qb3 36.Qxb3 Rxb3
37.Kg2 Bc3 38.f4 Rd3 39.Rf3 Rxf3 40.Kxf3 Bxe5+ 41.Kg4 Bd4 42.f5  0-1

[Event "Tespo Engineering"]
[Site "Brno CZE"]
[Date "2007.07.05"]
[Round "7"]
[White "Jirka,J"]
[Black "Savage,B"]
[Result "1-0"]
[WhiteElo "2367"]
[BlackElo "2332"]

1.d4 d5 2.Nf3 Nf6 3.g3 c6 4.c4 Bg4 5.Ne5 Bf5 6.Nc3 e6 7.Qb3 Qb6 8.c5 Qxb3
9.axb3 Nbd7 10.Nxd7 Nxd7 11.b4 Be7 12.f3 e5 13.e4 dxe4 14.fxe4 exd4 15.exf5 dxc3
16.bxc3 Bf6 17.Bd2 O-O 18.O-O-O Ne5 19.Bf4 Rfd8 20.Be2 g5 21.fxg6 Nxg6 22.Rxd8+ Rxd8
23.Bd2 Be5 24.Rf1 Kg7 25.Kc2 Ne7 26.Bd3 f6 27.Re1 Rd7 28.Re4 Ng6 29.Rg4 Bc7
30.Bf5 Re7 31.Bc8 Be5 32.Bf5 Bc7 33.Rd4 Ne5 34.Rh4 Ng6 35.Bh6+ Kf7 36.Rd4 Ke8
37.Rd2 Ne5 38.Rd4 Ng6 39.Kb3 Be5 40.Rg4 Bc7 41.h4 Kf7 42.h5 Ne5 43.Rg7+ Ke8
44.Rg8+  1-0

[Event "ch-IRL"]
[Site "Dublin IRL"]
[Date "2007.07.05"]
[Round "6"]
[White "Jeffares,S"]
[Black "Osborne,S"]
[Result "1-0"]
[WhiteElo "2095"]
[BlackElo "1929"]

1.Nf3 Nf6 2.c4 c6 3.d4 d5 4.Qb3 dxc4 5.Qxc4 Bf5 6.Nc3 Nbd7 7.Qb3 Qb6 8.Qa4 e6
9.a3 O-O-O 10.e3 Bd6 11.Nd2 Bb8 12.Be2 g5 13.e4 Bg6 14.Nc4 Qc7 15.Bxg5 Rdg8
16.f3 Ne8 17.Be3 Nb6 18.Nxb6+ Qxb6 19.O-O-O Nf6 20.Rhe1 Qc7 21.g3 Nd7 22.Kb1 Nb6
23.Qb3 Rd8 24.Ka1 h5 25.Rc1 h4 26.Bg5 hxg3 27.Bxd8 Rxd8 28.hxg3 Qxg3 29.Red1 Bc7
30.Na2 Qf2 31.Nc3 Rxd4 32.Rxd4 Qxd4 33.Qc2 Qe3 34.Rd1 Qf2 35.Qd3 a6 36.Na2 Kb8
37.Nc1 Be5 38.Ka2 Ka7 39.Qc2 f5 40.Nd3 Qd4 41.Nf4 Qxd1 42.Bxd1 Bxf4 43.Qb3 e5
44.Qe6 Bh5 45.exf5 Nd5 46.f6  1-0

[Event "XXX Open"]
[Site "Barbera del Valles ESP"]
[Date "2007.07.07"]
[Round "2"]
[White "Moreto Quintana,A"]
[Black "Almeida Toledano,D"]
[Result "0-1"]
[WhiteElo "2153"]
[BlackElo "2254"]

1.d4 d5 2.Nf3 Nf6 3.c4 c6 4.Qc2 dxc4 5.Qxc4 Bf5 6.g3 e6 7.Bg2 Nbd7 8.O-O Be7
9.Nc3 O-O 10.e3 Qb8 11.Nh4 Nb6 12.Qb3 Bd3 13.Rd1 Bc4 14.Qc2 Nfd5 15.Nxd5 cxd5
16.Nf3 Rc8 17.Qb1 Be2 18.Re1 Bb5 19.Bd2 Nc4 20.Bc3 Be8 21.e4 dxe4 22.Qxe4 Bc6
23.d5 Bxd5 24.Qg4 Bf8 25.Ne5 Qd6 26.Bxd5 Nxe5 27.Qe4 exd5 28.Qxe5 Qc6 29.Qd4 Qc4
30.Re5 Qxd4 31.Bxd4 Rd8 32.Rc1 f6 33.Re2 Bd6 34.Rd1 b6 35.Red2 Bb4 36.Rd3 Rd7
37.a3 Be7 38.Bc3 Rad8 39.Kg2 Kf7 40.Kf3 Bc5 41.b4 Bf8 42.Bd2 Rc8 43.Be3 Ke6
44.Bf4 g5 45.Re1+ Kf7 46.Be3 Re8 47.Red1 Red8 48.g4 Kg6 49.Kg2 f5 50.h3 f4
51.Bd4 Bg7 52.Rc1 Bxd4 53.Rxd4 Rd6 54.Rc7 R8d7 55.Rc8 Kf6 56.Rd3 d4 57.Kf3 Ke5
58.Rc4 Rh6 59.Ke2 Ke4 60.Rc8 Re6 61.Kd2 Kd5 62.Rb3 Rde7 63.Kd3 Re1 64.Rd8+ Ke5
65.Rb2 Rh1 66.Re2+ Kf6 67.Rf8+ Rf7 68.Rxf7+ Kxf7 69.Kxd4 Rxh3 70.Rc2 Rxa3
71.Rc7+ Ke6 72.Rxh7 Ra2 73.Rg7 Kf6 74.Rc7 Rd2+ 75.Ke4 Rxf2 76.Rc6+ Ke7 77.Rc7+ Kd6
78.Rxa7 Rb2 79.Kd3 Rg2 80.Kc4 Rxg4 81.Kb5 f3 82.Ra1 f2 83.Rf1 Rf4 84.Kxb6 Rxb4+
85.Ka5 Rf4  0-1

[Event "Open A"]
[Site "Kowalewo Pomorskie POL "]
[Date "2007.07.07"]
[Round "5"]
[White "Grabarczyk,M"]
[Black "Sharapov,E"]
[Result "1/2-1/2"]
[WhiteElo "2482"]
[BlackElo "2437"]

1.d4 d5 2.c4 c6 3.Nf3 Nf6 4.Qc2 g6 5.cxd5 cxd5 6.Nc3 Nc6 7.Bf4 Bg7 8.e3 O-O
9.Bb5 Nh5 10.Bg3 Bd7 11.O-O Nxg3 12.hxg3 e6 13.Rac1 Nb4 14.Qa4 Bxb5 15.Qxb5 Qb6
16.a3 Qxb5 17.Nxb5 Nd3 18.Rc2 Rfc8 19.Nc7 Rab8 20.Rb1 b5 21.Rc3 b4 22.axb4 Nxb4
23.Ra1 Nd3 24.b3 Rb7 25.Nxd5 Rxc3 26.Nxc3 Rxb3 27.Ne4 Rb7 28.Nd6 Rb6 29.Nc4 Rc6
30.Nfd2 Rc7 31.Kf1 Bf8 32.Ke2 Nb4 33.g4 f6 34.Ra4 Nd5 35.Ra6 Nb4 36.Ra4 Nd5
37.Kf3 Kf7 38.g3 Nb6 39.Nxb6 axb6 40.Ra6 b5 41.Rb6 b4 42.Ke2 Be7 43.f4 h5
44.gxh5 gxh5 45.Rb5 Kg6 46.Nf3 Rc2+ 47.Kd3 Rc3+ 48.Kd2 Ra3 49.f5+ exf5 50.Nh4+ Kg5
51.Nxf5 Bd8 52.Ng7+ Kg4 53.Nxh5 Ra2+ 54.Kc1 Kf3 55.d5 Kxe3 56.d6 Ra5 57.Rxa5 Bxa5
58.Nxf6 Kd4 59.g4 Ke5 60.g5 Bd8 61.d7 Ke6 62.Kc2 Bxf6 63.gxf6 Kxd7 64.Kb3 Ke6
65.Kxb4 Kxf6  1/2-1/2

[Event "IM"]
[Site "Antwerp BEL"]
[Date "2007.07.08"]
[Round "9"]
[White "Miroshnichenko,E"]
[Black "De Jong,JW"]
[Result "1/2-1/2"]
[WhiteElo "2646"]
[BlackElo "2426"]

1.Nf3 Nf6 2.c4 c6 3.d4 d5 4.Qb3 dxc4 5.Qxc4 Bf5 6.g3 e6 7.Bg2 Nbd7 8.O-O Be7
9.Nc3 O-O 10.Re1 Ne4 11.Qb3 Qb6 12.Nh4 Qxb3 13.axb3 Bb4 14.Ra4 Bxc3 15.bxc3 Nxc3
16.Nxf5 exf5 17.Ra5 Rfe8 18.Bb2 Nb5 19.d5 Rac8 20.dxc6 bxc6 21.Bxc6 Rxc6
22.Rxb5 Rb6 23.Rxb6 axb6 24.Rd1 Nc5 25.b4 Na4 26.Bd4 f6 27.Kf1 Rc8 28.Be3 Rc4
29.Rd4 Nb2 30.Rd8+ Kf7 31.Rd7+ Kg8 32.Bd2 Rc6 33.Rd5 Nc4 34.Ke1 Rd6 35.Rd3 Kf7
36.Bf4  1/2-1/2

[Event "Kaupthing Open"]
[Site "Differdange LUX"]
[Date "2007.07.09"]
[Round "4"]
[White "Georgiev,Vl"]
[Black "Feller,S"]
[Result "1/2-1/2"]
[WhiteElo "2567"]
[BlackElo "2478"]

1.d4 d5 2.c4 c6 3.Nf3 Nf6 4.Qc2 dxc4 5.Qxc4 Bf5 6.g3 e6 7.Bg2 Nbd7 8.Nc3 Be7
9.O-O O-O 10.Re1 Bg6 11.e4 b5 12.Qe2 b4 13.e5 bxc3 14.exf6 cxb2 15.Bxb2 gxf6
16.Rac1 Rc8 17.Nd2 Qb6 18.Nc4 Qb5 19.a4 Qxa4 20.Ra1 Qc2 21.Qxc2 Bxc2 22.Rec1 Bd3
23.Rxa7 Rfd8 24.Na5 Ra8 25.Rxa8 Rxa8 26.Nxc6 Ra2 27.Nxe7+ Kf8 28.Bc3 Kxe7
29.Bb4+ Kd8 30.h4 Ra4 31.Bc3 Ra2 32.d5 Rc2 33.Ba5+ Ke8 34.Re1 Ne5 35.dxe6 fxe6
36.f4 Ng4 37.Rxe6+ Kf7 38.Re1 h5 39.Bf3 Bf5 40.Bb4 Kg6 41.Bf8 Rc8 42.Bb4 Rc2
43.Re7 Rc1+ 44.Be1 Ne5 45.fxe5 Rxe1+ 46.Kf2 Rxe5 47.Ra7 Rc5 48.Ra3 Bd7 49.Ke3 Bc6
50.Kd4 Rc2 51.Kd3 Rc5 52.Kd4 Rc2 53.Bd1 Rd2+ 54.Rd3 Rxd3+ 55.Kxd3 Kh6 56.Ke3 Bd7
57.Kf4 Be6 58.Bc2 Bd7 59.Bf5 Ba4 60.Ke3 Bc6 61.Kf4  1/2-1/2

[Event "New Jersey Futurity"]
[Site "Parsippany USA"]
[Date "2007.07.09"]
[Round "5"]
[White "Bartell,T"]
[Black "Ippolito,D"]
[Result "1/2-1/2"]
[WhiteElo "2398"]
[BlackElo "2395"]

1.d4 d5 2.c4 c6 3.Nf3 Nf6 4.Qb3 e6 5.Bg5 Nbd7 6.e3 Be7 7.Nc3 O-O 8.Rd1 Ne4
9.Bxe7 Qxe7 10.Bd3 f5 11.O-O Kh8 12.Ne1 b6 13.f3 Nd6 14.Qa3 dxc4 15.Bxc4 Bb7
16.Ba6 Bxa6 17.Qxa6 c5 18.Nd3 Rfc8 19.Rfe1 Qf8 20.Nf4 Qf7 21.Qa3 Nf6 22.Nd3 Nc4
23.Ne5 Nxe5 24.dxe5 Nd5 25.Nb5 Qg6 26.Nd6 Rf8 27.f4 h6 28.Qb3 Rad8 29.Rxd5 exd5
30.Qxd5 Rd7 31.Rd1 Kh7 32.Rd3 Rfd8 33.Qc6 Qe6 34.b3 g5 35.Rd5 Rg7 36.e4 gxf4
37.exf5 Rc8 38.fxe6 Rxc6 39.Nf5 Rxe6 40.Nxg7 Kxg7 41.Kf2 Kg6 42.Rd7 a5 43.Kf3 Kf5
44.Rd6 Kxe5 45.Rxe6+ Kxe6 46.Kxf4 Kd5 47.Ke3 c4 48.bxc4+ Kxc4 49.g4 b5 50.h4 Kd5
51.g5 hxg5 52.hxg5 b4  1/2-1/2

[Event "XXX Open"]
[Site "Barbera del Valles ESP"]
[Date "2007.07.12"]
[Round "7"]
[White "Moreto Quintana,A"]
[Black "Rojas Keim,L"]
[Result "0-1"]
[WhiteElo "2153"]
[BlackElo "2385"]

1.Nf3 Nf6 2.c4 c6 3.d4 d5 4.Qc2 Bg4 5.Ne5 Bh5 6.e3 e6 7.b3 Nbd7 8.Nxd7 Qxd7
9.Bd3 Bg6 10.O-O Bd6 11.Ba3 Bxa3 12.Nxa3 O-O 13.Bxg6 hxg6 14.c5 Rfe8 15.f4 Ne4
16.Nb1 f6 17.Nd2 Nxd2 18.Qxd2 e5 19.fxe5 fxe5 20.Rf3 Re7 21.Raf1 exd4 22.exd4 Rae8
23.Qf2 Qe6 24.Qh4 Qe4 25.Qxe4 Rxe4 26.Rf4 g5 27.Rxe4 Rxe4 28.Kf2 Rxd4 29.Ke3 Re4+
30.Kd3 Rf4 31.Rxf4 gxf4 32.Kd4 g5 33.Ke5 Kg7 34.Kf5 Kh6 35.h4 gxh4 36.Kxf4 Kh5
37.g4+ Kg6 38.g5 d4  0-1

[Event "Kaupthing Open"]
[Site "Differdange LUX"]
[Date "2007.07.12"]
[Round "7"]
[White "Schebler,G"]
[Black "Georgiev,Vl"]
[Result "1-0"]
[WhiteElo "2496"]
[BlackElo "2567"]

1.d4 d5 2.c4 dxc4 3.Nf3 c6 4.e3 Be6 5.a4 Nf6 6.Na3 g6 7.Bxc4 Bd5 8.O-O Bg7
9.Qb3 Qb6 10.Bxd5 Nxd5 11.Qc2 O-O 12.Nc4 Qc7 13.e4 Nf6 14.Re1 Na6 15.Bd2 Rfd8
16.Rac1 Rac8 17.Nce5 e6 18.b4 Nd7 19.Nxf7 Kxf7 20.Ng5+ Ke7 21.b5 h6 22.Nxe6 Kxe6
23.bxa6 c5 24.e5 Nf8 25.Qb3+ c4 26.Qh3+ Ke7 27.e6 Rxd4 28.Bb4+ Ke8 29.e7 Nd7
30.Bc3 Qf4 31.Qe6 Be5 32.g3 Qxc1 33.Rxc1 Rc6 34.Qg8+ Kxe7 35.Bxd4 Bxd4 36.Rd1  1-0

[Event "Open"]
[Site "Ghent BEL"]
[Date "2007.07.15"]
[Round "4"]
[White "Mohandesi,S"]
[Black "Versporten,W"]
[Result "1-0"]
[WhiteElo "2318"]
[BlackElo "2123"]

1.d4 d5 2.c4 c6 3.Nf3 Nf6 4.Qc2 e6 5.Bg5 Nbd7 6.Nbd2 Qa5 7.a3 Bd6 8.Qc3 Qxc3
9.bxc3 Bc7 10.e3 O-O 11.Be2 dxc4 12.Bxc4 Nd5 13.Rc1 Ba5 14.Nb1 N7f6 15.Nfd2 Bc7
16.Bd3 Nd7 17.c4 N5f6 18.Nc3 e5 19.O-O Re8 20.Rfe1 Kf8 21.Nb3 h6 22.Bh4 g5
23.Bg3 Nh5 24.d5 Bd6 25.Ra1 Nc5 26.Nxc5 Bxc5 27.Na4 Be7 28.Bxe5 cxd5 29.cxd5 Bxa3
30.Bd4 Bd6 31.Nb6 Rb8 32.Rxa7 Re7 33.Rc1  1-0

[Event "Open"]
[Site "Ghent BEL"]
[Date "2007.07.18"]
[Round "9"]
[White "Van der Stricht,G"]
[Black "Heemskerk,W"]
[Result "1-0"]
[WhiteElo "2430"]
[BlackElo "2237"]

1.d4 d5 2.c4 c6 3.Nf3 Nf6 4.Qc2 g6 5.Bf4 dxc4 6.e4 Bg7 7.Bxc4 O-O 8.O-O Bg4
9.Nbd2 Nbd7 10.h3 Bxf3 11.Nxf3 Rc8 12.Rfd1 Ne8 13.Bb3 Qa5 14.Bg5 Nef6 15.Qe2 e6
16.Rac1 Rfe8 17.Bd2 Qh5 18.Re1 a6 19.e5 Nd5 20.Qf1 f5 21.exf6 N5xf6 22.Bxe6+ Kh8
23.Ng5  1-0

[Event "Heart of Finland"]
[Site "Jyvaskyla FIN"]
[Date "2007.07.19"]
[Round "8"]
[White "Bykov,Alexe1"]
[Black "Karttunen,M"]
[Result "0-1"]
[WhiteElo "2250"]
[BlackElo "2447"]

1.d4 d5 2.Nf3 Nf6 3.c4 c6 4.Qb3 dxc4 5.Qxc4 Bg4 6.Nbd2 Nbd7 7.g3 e6 8.Bg2 Be7
9.O-O O-O 10.b3 Qa5 11.Bb2 Qh5 12.Rfe1 Rac8 13.Ne5 Nxe5 14.dxe5 Nd5 15.e4 Nb6
16.Qc3 Rcd8 17.a4 f5 18.a5 Nd7 19.a6 bxa6 20.Qxc6 Nc5 21.Ba3 Rc8 22.Bxc5 Rxc6
23.Bxe7 Rf7 24.exf5 Rc2 25.Bb4 Qxf5 26.f3 Qd3  0-1

[Event "XXII Tadeusz Gniota Mem"]
[Site "Police POL"]
[Date "2007.07.19"]
[Round "9"]
[White "Koziak,V"]
[Black "Sopur,L"]
[Result "1/2-1/2"]
[WhiteElo "2441"]
[BlackElo "2389"]

1.Nf3 d5 2.d4 c6 3.c4 Nf6 4.Qc2 g6 5.e3 Bf5 6.Bd3 Bxd3 7.Qxd3 Bg7 8.O-O O-O
9.Nc3 Nbd7 10.Bd2 Qb6 11.b4 Qa6 12.b5 cxb5 13.Nxb5 dxc4 14.Qxc4 Rac8 15.Qb3 Ne4
16.a4 Nxd2 17.Nxd2 e5 18.Ne4 exd4 19.exd4 Rc6 20.Ra2 Re6 21.Nec3 Qa5 22.Nd5 a6
23.Nbc7 Re1 24.Qc4  1/2-1/2

[Event "MTO"]
[Site "Biel SUI"]
[Date "2007.07.24"]
[Round "2"]
[White "Roiz,M"]
[Black "Beshukov,S"]
[Result "1-0"]
[WhiteElo "2630"]
[BlackElo "2458"]

1.d4 d5 2.c4 c6 3.Nf3 Nf6 4.Qb3 e6 5.Bg5 dxc4 6.Qxc4 Be7 7.e3 b6 8.Qc2 Bb7
9.Nc3 Nbd7 10.Rd1 O-O 11.Be2 Nd5 12.Bxe7 Qxe7 13.Nxd5 cxd5 14.O-O Rfc8 15.Qa4 a6
16.Rc1 b5 17.Qa5 Qd6 18.Rfd1 Nb6 19.b3 Rxc1 20.Rxc1 Rc8 21.Rxc8+ Nxc8 22.Ne5 Qb6
23.Qb4 Qd6 24.Qa5 Qb6 25.Qa3 Qd6 26.b4 Qc7 27.Nd3 Nd6 28.Nc5 Ne4 29.Qb2 Nxc5
30.dxc5 h6 31.f4 Bc6 32.Kf2 Bb7 33.g3 Bc6 34.Bd3 f6 35.Qe2 Kf8 36.Ke1 Qd7
37.Qb2 Bb7 38.Qc3 Ke7 39.Be2 Kd8 40.Bg4 Kc8 41.Qd3 Kb8 42.Kd2 Qf7 43.Qc3 Bc8
44.Bf3 g5 45.Qd4 Bb7 46.e4 dxe4 47.Qd8+ Ka7 48.Qb6+ Ka8 49.Qd8+ Ka7 50.Bd1 gxf4
51.gxf4 e5 52.Bb3 Qh5 53.Qb6+ Ka8 54.c6 Qxh2+ 55.Kc1 Qxf4+ 56.Kb1 Qf1+ 57.Kb2 Qg2+
58.Ka3 e3 59.Qxb7+  1-0